000 00638 a2200181 4500
020 _a3642078214
020 _a9783642078217
082 0 4 _a530
090 _c461
_d461
100 1 _aCleland, Andrew N.
245 1 0 _aFoundations of nanomechanics :
_bfrom solid-state theory to device applications /
_cAndrew N. Cleland.
260 _a[S.l.] :
_bSpringer,
_c2003.
300 _a888 p. ;
_c23 cm.
490 1 _aAdvanced texts in physics.
830 0 _aAdvanced texts in physics.
942 _aSNS
_cBK
_k620.5 CLE
999 _c29093
_d29093